Statistics for Countries Starting With U

Click here to take the quiz!

General Stats

  • This quiz has been taken 31 times
  • The average score is 6 of 7

Answer Stats

ContinentCountry% Correct
South AmericaUruguay
100%
AfricaUganda
97%
EuropeUk
93%
North AmericaUSA
93%
Central AsiaUzbekistan
86%
EuropeUkraine
83%
Western AsiaUAE
72%

Score Distribution

Percentile by Number Answered

Percent of People with Each Score

Your Score History

You have not taken this quiz